ნორმალური ფორმატი
MARC ფორმატი
ჩანაწერი Personal Name
ჩანაწერთა რაოდენობა, რომელიც გამოყენებულია: 1
001 - CONTROL NUMBER
- control field: 14475
003 - CONTROL NUMBER IDENTIFIER
- control field: GE_BSU
005 - DATE AND TIME OF LATEST TRANSACTION
- control field: 20220722130419.0
008 - FIXED-LENGTH DATA ELEMENTS
- fixed length control field: 220722|| aca||aabn | a|a d
040 ## - CATALOGING SOURCE
- Original cataloging agency: GE_BSU
- Transcribing agency: GE_BSU
100 ## - HEADING--PERSONAL NAME
- Personal name: რეში, კატარინა
- Relator term: რედაქტორი
670 ## - SOURCE DATA FOUND
- Source citation: Work cat.: (GE_BSU): ბალთზერსენი, ჯონი 14474, პროექტის წერა და დიზაინი. ნაწ. 1, კავკასიაში პროექტის წარმატებით შემუშავების სახელმძღვანელო - ლოგიკურ-სტრუქტურული მიდგომის საფუძველზე :ნაწ. 2, "პროექტის შემუშავების ინსტრუმენტები" / , 2015.
